000 01882cam a22004457a 4500
003 CHAP
005 20230314144238.0
008 060526s2005 r 00010 d
010 _a92275
011 _a93247
020 _a9707040807
035 _a103819
040 _cCHAP
082 0 4 _a574.5
_bL9
100 0 0 _aLópez Hernández, Eduardo S.
_ecoord.
_967963
245 1 3 _aLa profesionalización de los educadores ambientales hacia el desarrollo humano sustentable
_b: / coord. por Eduardo S. López Hernández, Ma. Teresa Bravo Mercado y Edgar J. González Gaudiano
260 _aMéxico, D.F. :
_bAsociación Nacional de Universidades e Instituciones de Educación Superior,
_c2005
300 _a286 p. : gráfs.; cuadros.
490 0 _aBiblioteca de la educación superior. Serie memorias
590 _aBATCH-UPD
_b10
_c20130110
_lUCH01
_h0503
590 _aBATCH-UPD
_b10
_c20130110
_lUCH01
_h2229
590 _aBATCH-UPD
_b10
_c20130409
_lUCH01
_h1954
590 _aBATCH-UPD
_b10
_c20130410
_lUCH01
_h0210
590 _aBATCH-UPD
_b10
_c20130410
_lUCH01
_h1610
590 _aBATCH-UPD
_b10
_c20130914
_lUCH01
_h0619
590 _aBATCH-UPD
_b10
_c20130914
_lUCH01
_h2124
590 _aCONVERSION
_b10
_c20130109
_lUCH01
_h1351
650 1 4 _aDesarrollo sustentable.
650 1 4 _aEducación ambiental.
_935556
650 1 4 _aEducación rural.
_935586
700 0 _aGonzález Gaudiano, Edgar J.
_ecoord.
_948948
700 0 2 _aBravo Mercado, María Teresa
_ecoord.
_915143
710 0 _aAsociación Nacional de Universidades e Instituciones de Educación Superior. México.
_98094
830 0 0 _aBiblioteca de la educación superior. Serie memorias
_912326
901 _aBK
905 _aElisama A. H.
942 _cLIBRO
949 _a574.5 L9
_bBC
_cLIBRO
_d33724000969507
_eLIBRO
_h106993
_i103819
_si
949 _a574.5 L9
_bBC
_cLIBRO
_d33724000990057
_eLIBRO
_fc.2
_h106993
_i103819
_si
999 _c92275
_d92275